|
|
|
|
| LEADER |
01316nam a2200301 a 4500 |
| 001 |
7682 |
| 003 |
BD-DhAAL |
| 005 |
20130915152814.0 |
| 008 |
130915s1987 mau b s000 0 eng d |
| 010 |
|
|
|a 87034206
|
| 020 |
|
|
|a 0932288790 (pbk.) :
|
| 040 |
|
|
|a DLC
|c DLC
|d DLC
|d BD-DhAAL
|
| 050 |
0 |
0 |
|a H62.5.U5
|b M33 1987
|
| 082 |
0 |
0 |
|a 300/.72
|2 19
|
| 100 |
1 |
|
|a Maguire, Patricia.
|9 3051
|
| 245 |
1 |
0 |
|a Doing participatory research :
|b a feminist approach /
|c Patricia Maguire.
|
| 260 |
|
|
|a Amherst, Mass. :
|b Center for International Education, School of Education, University of Massachusetts,
|c c1987.
|
| 300 |
|
|
|a xvi, 305 p. ;
|c 21 cm.
|
| 504 |
|
|
|a Includes bibliographical references (p. [281]-305).
|
| 541 |
|
|
|e 7682
|
| 650 |
|
0 |
|a Social sciences
|x Fieldwork
|z United States
|v Case studies.
|9 3052
|
| 650 |
|
0 |
|a Participant observation
|v Case studies.
|9 3053
|
| 650 |
|
0 |
|a Feminism
|z United States.
|9 3054
|
| 650 |
|
0 |
|a Abused women
|z United States
|v Case studies.
|9 3055
|
| 710 |
2 |
|
|a University of Massachusetts at Amherst.
|b Center for International Education.
|9 3056
|
| 942 |
|
|
|2 ddc
|c BK
|
| 999 |
|
|
|c 13960
|d 13960
|
| 952 |
|
|
|0 0
|1 0
|2 ddc
|4 1
|6 300_720000000000000_MAG
|7 0
|9 23390
|a BRACUL
|b BRACUL
|c SPS
|d 2013-09-15
|l 0
|o 300.72 MAG
|p 3010007682
|r 2013-09-15
|t 1
|w 2013-09-15
|y BK
|x Photocopy Book. Declared as Damaged on December 10, 2023
|